The American Dream in the 21st Century

Dettagli Bibliografici
Autore principale: White
Natura: Elettronico eBook
Lingua:English
Pubblicazione: Temple University Press
Soggetti:
Accesso online:Full text available on Project MUSE [1/1/12]
Off-campus access
LEADER 01052pam a2200253 a 4500
001 AALebookProjectMUSE021521
003 BD-DhAAL
006 m||||||||d||||||||
007 cr||||||||||||
008 221121s9999 xxuabf fo j 001 0 eng d
020 |a 9781439903148 
020 |a 9781439903162 
040 |a BD-DhAAL  |c BD-DhAAL 
100 1 |a White 
245 0 0 |h [electronic resource]  |a The American Dream in the 21st Century 
260 |b Temple University Press 
300 |a 1 online resource 
500 |a <strong>Off-Campus Access:</strong> Athens ID and Password Required 
500 |a <strong>On-Campus Access:</strong> No User ID or Password Required 
506 |a Electronic access restricted to authorized BRAC University faculty, staff and students 
538 |a Mode of access: Internet 
655 7 |a Electronic books  |2 Library of Congress 
856 4 0 |z Full text available on Project MUSE [1/1/12]  |u https://muse.jhu.edu/book/2522 
856 4 0 |z Off-campus access  |u https://go.openathens.net/redirector/bracu.ac.bd?url=https%3A%2F%2Fmuse.jhu.edu%2Fbook%2F2522